LEADER 00919nam0-22002891i-450- 001 990006320380403321 005 19980601 035 $a000632038 035 $aFED01000632038 035 $a(Aleph)000632038FED01 035 $a000632038 100 $a19980601f????----km-y0itay50------ba 105 $a--------00-yy 200 1 $a<>responsabilita' "mista" degli Amministratori delle Provincie e dei Comuni$fGiovanni De Gennaro. 210 $aS.l.$cEd. Le Massime$ds.d. 215 $a12 p.$d24 cm 463 $d$1200$a"Rivista delle Provincie", fasc. 8-9, anno 1937-XV 676 $a350.9 700 1$aDe Gennaro,$bGiovanni$0238142 801 0$aIT$bUNINA$gRICA$2UNIMARC 901 $aBK 912 $a990006320380403321 952 $aBUSTA 12 (19) 24$b34177$fFGBC 959 $aFGBC 996 $aResponsabilita' "mista" degli Amministratori delle Provincie e dei Comuni$9655307 997 $aUNINA DB $aGIU01 LEADER 00818nam0-22002891i-450 001 990001787880403321 005 20191107120848.0 010 $a92-5-203369-6 035 $a000178788 035 $aFED01000178788 035 $a(Aleph)000178788FED01 035 $a000178788 100 $a20030910d1994----km-y0itay50------ba 101 0 $afre 200 1 $a<>fiscalité agricole dans les pays en développement$eexamen de quelques cas spécifiques$fFAO 210 $aRoma$cFAO$d1994 215 $aX, 120 p.$d21 cm 610 0 $aImposte 676 $a336.2 712 02$aFAO 801 0$aIT$bUNINA$gRICA$2UNIMARC 901 $aBK 912 $a990001787880403321 952 $a60 336.2 FAO 1984$bs.i.$fFAGBC 959 $aFAGBC 996 $aFISCALITE agricole dans les pays en developpement$9407953 997 $aUNINA